| 000 | 00340nam a2200133Ia 4500 | ||
|---|---|---|---|
| 008 | 220120s9999||||xx |||||||||||||| ||und|| | ||
| 020 | _a9788131503638 | ||
| 082 | _a510 CHA | ||
| 100 | _aD.S.C | ||
| 245 | 0 | _aEngineering mathematics II | |
| 260 |
_aPrism book _bNew Delhi _c2015 |
||
| 300 |
_aXXVI, 1156p. _b450 |
||
| 650 | _aCOMPUTER SCIENCE | ||
| 999 |
_c134519 _d134519 |
||